Southville International School and Colleges
Your cart is empty.
  • Cart
  • Lists
    Public lists Eva Luna New books Lux_list list_1
    Your lists Log in to create your own lists
  • Log in to your account
  • Your cookies
  • Search history
Southville International School and Colleges
  • Advanced search
  • Recent comments
  • Most popular
  • Libraries

Log in to your account

Log in with GOOGLE


If you do not have an external account, but do have a local account, you can still log in:

  1. Home
  2. MARC view: Foundations of chemistry in the laboratory /
Normal view MARC view ISBD view

Foundations of chemistry in the laboratory / (Record no. 290414)

[ view plain ]
MARC details
000 -LEADER
fixed length control field 00941cam a2200265Ia 4500
003 - CONTROL NUMBER IDENTIFIER
control field OCoLC
005 - DATE AND TIME OF LATEST TRANSACTION
control field 20160118083049.0
008 - FIXED-LENGTH DATA ELEMENTS--GENERAL INFORMATION
fixed length control field 100902s2011 njua f 000 0 eng d
020 ## - INTERNATIONAL STANDARD BOOK NUMBER
International Standard Book Number 9812532846
050 00 - LIBRARY OF CONGRESS CALL NUMBER
Classification number QD 45
Item number .H38 2007
100 1# - MAIN ENTRY--PERSONAL NAME
Personal name Hein, Morris.
245 10 - TITLE STATEMENT
Title Foundations of chemistry in the laboratory /
Statement of responsibility, etc Morris Hein, Judith N. Peisen, Robert L. Miner.
250 ## - EDITION STATEMENT
Edition statement Thirteenth edition.
260 ## - PUBLICATION, DISTRIBUTION, ETC. (IMPRINT)
Place of publication, distribution, etc Hoboken, NJ :
Name of publisher, distributor, etc Wiley,
Date of publication, distribution, etc 2007.
300 ## - PHYSICAL DESCRIPTION
Extent xii, 142 pages :
Other physical details illustrations ;
Dimensions 28 cm.
500 ## - GENERAL NOTE
General note Cover and spine title :
-- Foundations of college chemistry in the laboratory.
650 #0 - SUBJECT ADDED ENTRY--TOPICAL TERM
Topical term or geographic name as entry element Chemistry
Form subdivision Laboratory manuals.
650 #0 - SUBJECT ADDED ENTRY--TOPICAL TERM
Topical term or geographic name as entry element Chemistry
General subdivision Experiments.
700 1# - ADDED ENTRY--PERSONAL NAME
Personal name Peisen, Judith N.
700 1# - ADDED ENTRY--PERSONAL NAME
Personal name Miner, Robert L.
740 0# - ADDED ENTRY--UNCONTROLLED RELATED/ANALYTICAL TITLE
Uncontrolled related/analytical title Chemistry in the laboratory.
740 0# - ADDED ENTRY--UNCONTROLLED RELATED/ANALYTICAL TITLE
Uncontrolled related/analytical title College chemistry in the laboratory.
740 0# - ADDED ENTRY--UNCONTROLLED RELATED/ANALYTICAL TITLE
Uncontrolled related/analytical title Foundations of college chemistry in the laboratory.
942 ## - ADDED ENTRY ELEMENTS (KOHA)
Source of classification or shelving scheme Library of Congress Classification
Koha item type Books
Call number prefix Foreign
Holdings
Withdrawn status Lost status Source of classification or shelving scheme Damaged status Home library Current library Shelving location Date acquired Source of acquisition Total Checkouts Full call number Barcode Date last seen Price effective from Koha item type
    Library of Congress Classification   Archives Archives   01/18/2016 Donation   QD 45 .H38 2007 C20350 05/15/2018 01/18/2016 Books

Foundations of chemistry in the laboratory /

APA

Hein M., Peisen J. N. & Miner R. L. (2007). Foundations of chemistry in the laboratory. Hoboken, NJ: Wiley.

Chicago

Hein Morris, Peisen Judith N and Miner Robert L. 2007. Foundations of chemistry in the laboratory. Hoboken, NJ: Wiley.

Harvard

Hein M., Peisen J. N. and Miner R. L. (2007). Foundations of chemistry in the laboratory. Hoboken, NJ: Wiley.

MLA

Hein Morris, Peisen Judith N and Miner Robert L. Foundations of chemistry in the laboratory. Hoboken, NJ: Wiley. 2007.

  • Place hold
  • Print
  • Cite
  • Add to your cart (remove)
  • Save record
    BIBTEX Dublin Core MARCXML MARC (non-Unicode/MARC-8) MARC (Unicode/UTF-8) MARC (Unicode/UTF-8, Standard) MODS (XML) RIS
  • More searches
    Search for this title in:
    Other Libraries (WorldCat) Other Databases (Google Scholar) Online Stores (Bookfinder.com) Open Library (openlibrary.org)

Exporting to Dublin Core...

SOUTHVILLE LIBRARY

Southville International School and Colleges Library

1281 Tropical Ave. Cor. Luxembourg St., BF Homes International, Las Pinas City

Tel. No. 8256374 / 252358 Loc. 117/146

Powered by Koha